| 000 | 00474nam a2200193Ia 4500 | ||
|---|---|---|---|
| 005 | 20250603144734.0 | ||
| 008 | 250603s9999 xx 000 0 und d | ||
| 020 | _a9789380501161 | ||
| 050 | _aTP 155 .C68/ | ||
| 100 | _aSinnott, Ray | ||
| 245 | 0 | _aCoulson & Richardson’s chemical engineering design (Vol. 6) | |
| 250 | _a5th ed. | ||
| 260 | _aBoston | ||
| 260 | _bButterworth-Heinemann | ||
| 260 | _c2016 | ||
| 300 | _a1255 p | ||
| 650 | _aBoston | ||
| 942 | _cBK | ||
| 999 |
_c39804 _d39804 |
||